| Ancient History and Archaeology | 3 | 26.67 | 267% | 200% | 200% |
| Beliefs | 6 | 10.00 | 133% | 67% | 67% |
| British and Commonwealth History | 1 | 10.00 | 400% | 0% | 0% |
| Current Events | 1 | 10.00 | 0% | 200% | 0% |
| Fine Arts - Auditory | 4 | 17.50 | 100% | 150% | 150% |
| Fine Arts - Visual | 3 | 10.00 | 0% | 133% | 67% |
| Geography | 2 | 5.00 | 200% | 0% | 0% |
| History - American | 5 | 14.00 | 160% | 120% | 80% |
| History - European | 3 | 13.33 | 133% | 67% | 133% |
| History - World | 2 | 10.00 | 200% | 100% | 0% |
| Literature - American | 2 | 20.00 | 400% | 100% | 100% |
| Literature - British | 5 | 14.00 | 160% | 120% | 80% |
| Literature - European | 2 | 10.00 | 0% | 100% | 100% |
| Other Academic | 2 | 15.00 | 200% | 100% | 100% |
| Other Arts: Auditory | 3 | 16.67 | 267% | 67% | 133% |
| Other Arts: Visual | 2 | 15.00 | 200% | 100% | 100% |
| Other Science: Computer Science | 2 | 10.00 | 200% | 100% | 0% |
| Other Science: Earth Science | 1 | 20.00 | 400% | 200% | 0% |
| Other Science: Math | 1 | 10.00 | 0% | 200% | 0% |
| Philosophy | 4 | 12.50 | 200% | 50% | 100% |
| Science - Biology | 5 | 14.00 | 240% | 120% | 40% |
| Science - Chemistry | 3 | 13.33 | 0% | 200% | 67% |
| Science - Physics | 6 | 13.33 | 67% | 100% | 133% |
| Social Science | 1 | 10.00 | 0% | 0% | 200% |
| World and Other Literature | 4 | 10.00 | 100% | 50% | 100% |
| Ancient History and Archaeology | 1 | 10.00 | 0% | 0% | 200% |
| Beliefs | 3 | 6.67 | 267% | 0% | 0% |
| Current Events | 1 | 10.00 | 0% | 0% | 200% |
| Fine Arts - Auditory | 2 | 15.00 | 0% | 200% | 100% |
| Fine Arts - Visual | 1 | 10.00 | 0% | 0% | 200% |
| Geography | 1 | 20.00 | 0% | 200% | 200% |
| History - European | 2 | 15.00 | 200% | 100% | 100% |
| History - World | 2 | 15.00 | 400% | 100% | 0% |
| Literature - American | 1 | 10.00 | 0% | 200% | 0% |
| Literature - European | 1 | 20.00 | 400% | 0% | 200% |
| Other Arts: Visual | 2 | 10.00 | 0% | 100% | 100% |
| Other Science: Computer Science | 1 | 20.00 | 400% | 200% | 0% |
| Science - Biology | 1 | 0.00 | 0% | 0% | 0% |
| Science - Chemistry | 1 | 10.00 | 0% | 200% | 0% |
| Science - Physics | 2 | 15.00 | 400% | 0% | 100% |
| Social Science | 3 | 13.33 | 133% | 133% | 67% |
| World and Other Literature | 1 | 0.00 | 0% | 0% | 0% |